1215 1792 1374 1090 1047 1357 1559 1768 1929 1312 1046 1882 1587 1005 1961 1812 1554 1717 1329 1960 1461 1076 1704 1608 1449 1096 1256 1849 1443 1190 1690 1579 1605 1171 1103 1311 1448 1585 1230 1785 1112 1175 1859 1210 1878 1705 1402 1812 1581 1942 1113 1249 1640 1715 1027 1550 1380 1507 1750 1541 1118 1195 1530 1528 1990 1796 1723 1665 1880 1233 1879 1046 1509 1498 1271 1886 1285 1910 1087 1927 1908 1180 1767 1993 1225 1553 1009 1363 1152 1777 1901 1812 1743 1001 1159 1908 1650 1698 1933 BCNSPRNW ULIB Ver.6.0+V

เปลี่ยนเป็นภาษาไทย

Change to English
 แสดงรายละเอียดบรรณานุกรม
  กลับหน้าหลัก

Brief Record : Get Marc (ISO 2709) : E-mail record : QR code < ปิดหน้าต่าง
LEADER : 00000nam 2200000uu 4500
001    13399120396
003     ULIB
008    020711s2547 th a 000 0 tha d
020    9744655259
050    WA546 ด422ต
100    ดารณี จามจุรี
245    ตัวชี้วัดคุณภาพการพยาบาลในชุมชน
250    พิมพ์ครั้งที่ 1
260     ^bม.ป.ท.,^c2547
300    121 หน้า
650    การพยาบาล-ตัวชี้วัด
945    ^p0^l0^i13149
945    ^p0^l0^i13150
999    ^aทศพร เกษรทอง
รายการนี้ยังไม่มีแท็ก
คุณยังไม่ได้ล็อกอิน คุณสามารถมีกิจกรรมร่วมกับเว็บไซต์ได้ แต่ต้องล็อกอินก่อน ::
  ล็อกอิน

รายการสื่อสารสนเทศ

ลำดับที่ ประเภท เลขเรียก/บาร์โค้ด สถานที่ สถานะ
1. วิทยาศาสตร์การแพทย์ และสุขภาพ
วิทยาศาสตร์การแพทย์ และสุขภาพ
WA546 ด422ต  
  Barcode: 13149
ห้องสมุดวิทยาเขตสวรรค์ประชารักษ์
►หนังสือทั่วไป
บนชั้น
2. วิทยาศาสตร์การแพทย์ และสุขภาพ
วิทยาศาสตร์การแพทย์ และสุขภาพ
WA546 ด422ต ฉ.2 
  Barcode: 13150
ห้องสมุดวิทยาเขตสวรรค์ประชารักษ์
►หนังสือทั่วไป
ถูกยืม กำหนดส่งวันที่ 11 พฤษภาคม 2558
  จอง

BibComment


ยังไม่เคยถูกคอมเมนท์

คอมเมนท์ทรัพยากรรายการนี้
  คอมเมนท์: ตัวชี้วัดคุณภาพกา..


 Copyright 2026. Bcnsprnw @Library